000
00220nam a22000977a 4500
999
_c
16244
_d
16244
003
OSt
008
200625b ||||| |||| 00| 0 eng d
100
_a
Thakazhi
_9
4366
245
_a
Dharmaneethiyo Alla Jeevitham
942
_c
BK